000 00316nam a22001337a 4500
008 170630b xxu||||| |||| 00| 0 eng d
020 _a9780312412821
041 _aeng
080 _a82
100 _a22
101 _aGJL
245 _aWRITING ABOUT LITERATURE A PORTABLE GUIDE
_cGARDNER.J.E
942 _2udc
_cBK
999 _c19767
_d19767